[Event "Olympiad-39"]
[Site "Khanty-Mansiysk"]
[Date "2010.09.24"]
[Round "4.3"]
[White "Karjakin, Sergey"]
[Black "Onischuk, Alexander"]
[Result "1-0"]
[WhiteElo "2747"]
[BlackElo "2688"]
[Annotator "Karjakin,S"]
[PlyCount "65"]
[EventDate "2010.09.21"]
[EventType "team-swiss"]
[EventRounds "11"]
[EventCountry "RUS"]
[SourceTitle "CBM 139"]
[Source "ChessBase"]
[SourceDate "2010.11.18"]
[SourceVersion "1"]
[SourceVersionDate "2010.11.18"]
[SourceQuality "1"]
[WhiteTeam "Russia"]
[BlackTeam "US of America"]
[WhiteTeamCountry "RUS"]
[BlackTeamCountry "USA"]

1. e4 e5 2. Nf3 Nc6 3. Bb5 a6 4. Ba4 Nf6 5. O-O Be7 6. Re1 b5 7. Bb3 O-O 8. h3
Bb7 9. d3 d5 {A fresh idea which became popular 3 years ago. It looks like
after 8.h3 White has decided to play positional chess, but Black is forcing
White to take a pawn:-).} 10. exd5 Nxd5 11. Nxe5 Nd4 12. Bd2 c5 {The main move
is considered to be 12...Re8. The text move was firstly played in
Jakovenko-Aronian 2007.} 13. Nc3 Nxb3 14. axb3 Nb4 15. Ne4 f5 16. Ng3 Qd5 17.
Nf3 Qd7 {My opponent played very quickly, but I was not sure about the nuances
of the position and decided to repeat moves in case of possible time-trouble.}
18. Ne5 Qd5 19. Nf3 Qd7 20. Bxb4 $1 cxb4 21. d4 Rac8 22. Qd3 {In my view this
is the most precise reaction! Here my opponent started to think and caught up
with me on time. The computer thinks it is about equal, but in my opinion,
Black has to prove the compensation for the pawn!} Bd6 $2 {A mistake, after
which the position is very bad!} ({It was better to keep the 2 bishops. After} 
22... g6 $1 23. c4 bxc3 (23... Bf6 {is worse:} 24. Ne5 Bxe5 25. Rxe5 bxc4 26.
bxc4 Qc6 27. d5 Qxc4 28. Qd2 $36) 24. bxc3 Bf6 {Black keeps the two bishops
which assures him playable compensation, but it is far from full equality.}) ({
Black is also worse after} 22... Bxf3 23. Qxf3 Rxc2 24. Rxa6 $14) 23. Ne5 $16
Qc7 $6 {After this move Black is losing by force, but other moves are not much
better.} ({Probably at the beginning Alexander was hoping for} 23... Bxe5 24.
Rxe5 Qc6 (24... g6 25. Rae1 $16) 25. d5 Qxc2 {but overlooked the strong reply}
26. Qd4 $1 {with a big advantage for White!}) ({Also bad is} 23... Qe6 24. d5
Qe8 25. Re2 $16) 24. Nxf5 Bxe5 (24... Qxc2 $5 {does not save the game but was
perhaps a better option:} 25. Qxc2 Rxc2 26. Nxd6 Rfxf2 27. Nd3 $1 Rxg2+ 28. Kf1
h5 29. Rac1 Rcd2 30. Re8+ Kh7 31. Nf7 {And Black does not manage to create
counterplay, for example:} Rh2 32. Ke1 Bd5 33. Rh8+ Kg6 34. Nfe5+ Kg5 35. h4+
Kxh4 36. Nf4 g6 37. Nexg6+ Kg4 38. Rxh5 $18) 25. Rxe5 Qxc2 26. Ne7+ $1 {
It was completely the right decision to play for a mate!} (26. Qxc2 {was worse:
} Rxc2 27. Nd6 h6 $3 28. f3 Bxf3 29. gxf3 Rxf3 30. Nf5 Rff2 31. Ne3 Rxb2 {
White retains a big advantage, but Black's resources are not finished yet.})
26... Kh8 27. Qg3 {Here it was not necessary to see all the lines. It was
enough to understand that White is dominating in the centre and aon the
kingside, and Black's bishop cannot help to defend... which assures White's
win!} Rcd8 ({Also lost is} 27... Qxb2 28. Rae1 Rc1 29. Kh2 Rxe1 30. Rf5 $3 Rc8
{If 30...Rg8, than 31.Ng6+, on all other moves on f8-a8 Qf4 is winning.} 31.
Rf7 Qxd4 32. Nxc8 $18) 28. Rae1 Qd2 {The only defence against Nf5.} 29. R1e3 $1
Qxb2 (29... Rf6 30. Nf5 ({Or} 30. d5 $18) 30... Rg8 31. Rc5 $1 {did not leave
Black any hope either.}) 30. Qh4 {Threating mate in 2.} Rd6 (30... Qc2 {
did not save the game either:} 31. Re2 Qd3 32. Rh5 $18) 31. Rf5 Ra8 32. Qf4
Rdd8 33. Rf7 {In view of the many threats Black resigned! Probably my best
game in the Olympiad!} 1-0

[Event "Morelia/Linares 23rd"]
[Site "Morelia/Linares"]
[Date "2006.03.11"]
[Round "14"]
[White "Leko, Peter"]
[Black "Aronian, Levon"]
[Result "0-1"]
[WhiteElo "2740"]
[BlackElo "2752"]
[Annotator "Knaak,R"]
[PlyCount "80"]
[EventDate "2006.02.18"]
[EventType "tourn"]
[EventRounds "14"]
[EventCountry "ESP"]
[EventCategory "20"]
[SourceTitle "CBM 112"]
[Source "ChessBase"]
[SourceDate "2006.06.07"]
[SourceVersion "1"]
[SourceVersionDate "2006.06.07"]
[SourceQuality "1"]

{[%mdl 2] Dramatisches Finale FIDE-Weltmeister Topalov musste einen
katastrophalen Start ausbügeln und schlug in der vorletzten Runde den
enteilten Leko. Doch damit war der Bulgare letztlich nur der Steigbügelhalter
für Levon Aronian, der den Ungarn in der Schlussrunde ebenfalls schlug und
sich so den alleinigen Turniersieg sicherte.} 1. e4 e5 2. Nf3 Nc6 3. Bb5 a6 4.
Ba4 Nf6 5. O-O Be7 6. Re1 b5 7. Bb3 O-O 8. a4 b4 9. d3 d6 10. a5 Be6 11. Nbd2
Qc8 12. Nc4 Rb8 13. Bg5 Kh8 $1 {Es ist bemerkenswert, dass Schwarz weder hier
noch einen Zug zuvor h6 spielt - wie sich zeigen wird, hat er ganz andere
Ideen.} 14. h3 Ng8 $1 {Aronian will f5 spielen, und außerdem soll der Springer
über e7 und g6 nach f4 gehen.} 15. c3 $6 ({Nach} 15. Be3 {(oder 15.Bd2) wäre
der Ng8 erstmal gestrandet.}) 15... bxc3 16. bxc3 f5 17. Ba4 $2 {Das ist ein
erstaunlicher Fehler Lekos.} ({Notwendig war} 17. exf5 Rxf5 18. Be3 {und
Schwarz hat die angenehmere Stellung, aber nicht viel mehr.}) 17... fxe4 18.
Bxc6 ({Nach} 18. dxe4 Bxc4 19. Bxc6 Rxf3 20. Qxf3 Bxg5 {hätte Schwarz zwei
Figuren für einen Turm gewonnen.}) 18... exf3 19. Bxe7 Nxe7 20. Bxf3 {Schwarz
ist nun hervorragend aufgestellt, die Türme stehen auf den halboffenen Linien,
der Läufer zielt auf zwei Diagonalen ins gegnerische Lager und der Springer
kann auf seinem Weg nach f4 nicht gebremst werden. Kein Wunder, dass Weiß
schnell zusammenbricht.} Ng6 $1 21. Bg4 Nf4 22. Ra2 $6 {Es war nicht Lekos Tag.
..} (22. Ne3 Rb2 23. d4 Bxg4 24. hxg4 Qb7 {sollte aber letztlich das gleiche
Resultat ergeben.}) 22... Qb7 $1 {Ästhetisch macht das einen starken Eindruck:
die Dame zielt nach g2 und b3.} 23. Bf3 Qb3 {Materialverlust ist nicht mehr zu
vermeiden.} 24. Rc2 Nxd3 $1 25. Qxd3 Qxc4 26. Qxc4 Bxc4 27. Bc6 Rb3 28. g3 g5
29. Re3 Ra3 30. Be4 Rxa5 31. g4 Bd5 32. f3 Bxe4 33. fxe4 Ra1+ 34. Kg2 Rff1 35.
Ree2 Rg1+ 36. Kh2 Rh1+ 37. Kg3 Rag1+ 38. Rg2 Re1 39. Rgf2 Re3+ 40. Kg2 Rexh3
0-1

[Event "FIDE-Wch k.o."]
[Site "Moscow"]
[Date "2002.01.21"]
[Round "7.5"]
[White "Ponomariov, Ruslan"]
[Black "Ivanchuk, Vassily"]
[Result "1-0"]
[WhiteElo "2727"]
[BlackElo "2717"]
[Annotator "Knaak,R"]
[PlyCount "127"]
[EventDate "2001.11.27"]
[EventType "k.o."]
[EventRounds "7"]
[EventCountry "RUS"]
[SourceTitle "CBM 086"]
[Source "ChessBase"]
[SourceDate "2002.02.05"]
[SourceVersion "1"]
[SourceVersionDate "2002.02.05"]
[SourceQuality "1"]

1. e4 e5 2. Nf3 Nc6 3. Bb5 a6 4. Ba4 Nf6 5. O-O Be7 6. Re1 b5 7. Bb3 O-O {
Bereit zum Marshall-Angriff.} 8. h3 {Blatny: "Es ist eine 'moralische'
Genugtuung für jeden Marshall-Angriff-Anhänger, wenn man sieht, dass selbst
der stärkste Spieler auf der Erde lieber dieser Eröffnung ausweicht." Nun, das
hat er zu einer Partie von Kasparov gesagt, aber vielleicht kann es bald auch
für Ponomariov gelten?} (8. c3 d5 $5 {- Marshall}) 8... Bb7 9. d3 d6 10. a3 Nb8
11. Nbd2 Nbd7 12. Nf1 Re8 13. Ng3 c6 14. Nh2 {Es ist wohl keine gute Idee der
Vorgängerpartie auszuweichen.} ({RR} 14. Nf5 Bf8 15. Nh2 d5 16. Qf3 Kh8 17. Bg5
h6 18. Bh4 $16 {1-0 Shirov,A-Adams,M/Wijk aan Zee 1998/CBM 63 (40)}) 14... d5
15. Qf3 g6 $1 {Damit wird der Sg3 kaltgestellt - die Schwächung der schwarzen
Felder spielt dagegen keine Rolle.} 16. Ba2 Bf8 17. Bg5 h6 18. Bd2 Bg7 19. Ng4
Nxg4 20. hxg4 {Das weiße Spiel macht keinen überzeugenden Eindruck.} Nc5 21.
Rad1 Rc8 22. Nf1 Ne6 23. Qg3 (23. Qh3 $5) 23... Kh7 24. Nh2 f6 25. Nf3 c5 26.
Qh2 $6 (26. Qh3) 26... Nd4 $1 27. Nxd4 cxd4 28. c3 $6 ({Nach} 28. Rc1 {ist
Weiß noch im Geschäft.}) 28... dxc3 29. bxc3 dxe4 30. dxe4 Qe7 {Die weißen
Figuren sind unkoordiniert, Schwarz steht klar besser.} 31. a4 bxa4 32. Qh3 {
[%cal Gh3d7] Weiß droht jetzt 33.Lxh6! Lxh6 34.g5; wäre die Dame doch gleich
nach h3 gegangen.} Red8 {Schwarz hat keine Mühe die Drohung abzuwehren.} (32...
Z0 33. Bxh6 Bxh6 34. g5 $18) 33. Qf3 Rc7 $1 34. Bc1 Rcd7 {Es ist nicht nur der
Mehrbauer: a4 ist schon recht weit vorn, e4 ist schwach, Schwarz hat die
d-Linie.} 35. Bb1 Qe6 {[%cal Re6b3]} 36. Rxd7 Rxd7 37. Bc2 Bc6 38. Rd1 Qa2 39.
Rxd7 Bxd7 40. Qd1 Bb5 (40... Bxg4 $5 {hat Ivanchuk sicher gesehen, und bei
knapper Zeit wegen} 41. Qxg4 Qxc2 42. Bxh6 $1 {verworfen; doch es geht weiter:}
f5 (42... Qxc3 43. Bxg7 Kxg7 44. Qd7+ Kh6 45. Qxa4 a5) 43. exf5 Qxf5 44. Qxf5
gxf5 45. Bc1 Bf8 {Schwarz sollte gewinnen.}) 41. Be3 Qc4 $19 42. Kh2 Bc6 43.
Qa1 Bf8 44. Bb1 a3 (44... Bxe4 {war sicher stark genug.}) 45. f3 Qb3 46. Qa2
Ba4 $1 {Weiß kann nun nicht mehr viel ziehen; allerdings ist es für Schwarz
technisch schwierig, irgendwann den Bc3 einzusammeln - Weiß hat dann meistens
einen Damenausfall. Am besten ist wohl der Übergang ins Endspiel.} 47. Kg3 Kg7
$2 {Wirft den Gewinn weg. Vermutlich ist hier schon das Endspiel gewonnen,
aber Ivanchuk könnte auch zunächst ein paar nützliche Züge machen.} (47... Be7
48. Kh3 Kg7 49. Kh2 a5 50. Bd2 Qxa2 51. Bxa2 Bc2 52. Kg1 a4 53. Bd5 Bb3 54. Bc1
a2 55. Bb2 Ba3 56. Ba1 Bc1 {Wäre der weiße König näher dran, würde Schwarz mit
Kf8-e7-d6 gewinnen.} 57. Kf2 Bxd5 58. exd5 a3 $19) 48. Qd2 $1 g5 {Ivanchuk
verschmäht das Remis - wer will es ihm verdenken - und begibt sich in
Verlustgefahr.} (48... Qxb1 49. Bxh6+ Kg8 50. Qd5+ Kh8 51. Bxf8 Qe1+ 52. Kh2
Qh4+ $11) 49. Ba2 Qb7 50. Qd3 Be8 51. Qd5 Qxd5 (51... Qf7 52. c4 Z0 53. c5) 52.
exd5 {Objektiv sollte das Endspiel remis sein.} a5 53. c4 Bb4 54. c5 Kf8 55.
Kf2 Bb5 56. c6 Ke7 57. Ba7 Kd8 58. Bb6+ Kc8 $2 ({Nach} 58... Ke7 {sehe ich
nicht, wie Weiß Fortschritte machen will.} 59. Ke3 Ba4 60. Kd3 Bb5+ 61. Ke4 {
aber es gibt keinen Zugzwang.}) 59. Ke3 $18 a4 (59... Ba4 {war die einzige
Chance:} 60. Kd3 $1 (60. Bc4 Bd6 61. Bxa5 Bc2) 60... Bd6 (60... Bb5+ 61. Ke4
$18) 61. Bxa5 Bd1 62. Bc4 Ba4 63. Kc3 Bd1 64. Kd2 Ba4 65. Kc1 $18 {Zugzwang})
60. Ke4 Be2 61. Kf5 e4 62. Ke6 exf3 63. d6 Bxd6 64. Kxd6 {Während sich
Ponomariov das Remis in der 2. Partie mit einer starken Verteidigung verdient
hatte, ist nun dieser Punktgewinn äußerst glücklich. Die fragwürdige
Bedenkzeitregelung der FIDE verhinderte, dass Ivanchuk die Partie sauber nach
Hause fuhr. Schade auch für das Match, das nun wohl entschieden ist.} 1-0

[Event "St Petersburg-ch"]
[Site "St Petersburg"]
[Date "1996.??.??"]
[Round "10"]
[White "Yemelin, Vasily"]
[Black "Sivokho, Sergey V"]
[Result "1-0"]
[WhiteElo "2460"]
[BlackElo "2410"]
[Annotator "Konikowski,J"]
[PlyCount "91"]
[EventDate "1996.04.??"]
[EventType "tourn"]
[EventRounds "13"]
[EventCountry "RUS"]
[EventCategory "11"]
[SourceTitle "CBM 056"]
[Source "ChessBase"]
[SourceDate "1997.02.01"]
[SourceVersion "1"]
[SourceVersionDate "1997.02.01"]
[SourceQuality "1"]

1. e4 e5 2. Nf3 Nc6 3. Bb5 a6 4. Ba4 Nf6 5. O-O b5 6. Bb3 Bb7 7. d3 Bd6 8. c3 (
8. a4 $5) 8... O-O (8... h6 $5) 9. Nbd2 (9. Bg5 Be7 10. a4 d6 11. Na3 b4 12.
Nc4 a5 13. Ne3 Nd7 14. Bxe7 Nxe7 $10 {Abramovic-Michaltschischin,A/Postojna/
1991/}) 9... h6 10. Re1 Re8 11. Nf1 Bf8 12. Ne3 Na5 (12... g6 13. h3 Bg7 14.
Nh2 Na5 15. Bc2 d5 16. Qf3 c5 17. Nhg4 dxe4 18. dxe4 h5 19. Nxf6+ Qxf6 20. Qxf6
Bxf6 21. Nd5 Bxd5 22. exd5 Rad8 23. Be4 Bg7 24. g4 hxg4 25. hxg4 Nc4 $13 {
Hernandez Yadira-Fruteau/Santiago/1990/}) 13. Bc2 c5 14. h3 Qc7 15. Ng4 (15. b3
$5) (15. Nh2 d5 16. Nf5 dxe4 17. dxe4 Kh7 18. Qf3 Ng8 19. Ng4 g6 20. Nh4 Bg7
21. Ne3 Nf6 $13 {Janocha-Czerwonski/Mikolajki/1991/}) 15... Nxg4 16. hxg4 d5 (
16... f6 $5) 17. g5 dxe4 18. dxe4 Rad8 19. Qe2 hxg5 20. Nxg5 f6 21. Nf3 Bc8 22.
Nh4 Qf7 23. Nf5 g6 24. Ne3 Be6 25. a4 Nc4 26. Nd5 Nd6 (26... Bxd5 27. exd5 Rxd5
28. axb5 axb5 29. Be4 Rdd8 30. Bc6 Re7 31. Bxb5 Nd6 32. Rd1 $14) 27. f3 f5 28.
Rd1 fxe4 29. fxe4 Nxe4 30. Bxe4 Bxd5 31. Bg5 (31. axb5 Bc4 $1) 31... Bc4 32.
Qg4 Rxd1+ 33. Rxd1 Be6 (33... Qe6 $5 34. Qh4 Bg7 $15) 34. Qg3 c4 35. Be3 (35.
Qxe5 $4 Bf5 36. Bd5 Rxe5 37. Bxf7+ Kxf7 $19) 35... Bf5 36. Bd5 Be6 37. Be4 Bf5
$2 (37... bxa4 $5 38. Bxg6 Qg7 39. Bf2 Rb8 $132) 38. Bc6 Rc8 (38... Re7 39. Rd8
$16) 39. Bd5 Be6 40. Rf1 Qe8 41. Qxe5 Bxd5 42. Qxd5+ Kh8 (42... Kg7 43. Bd4+
Kh7 44. Rf7+ Kh6 45. Rf3 Qe1+ 46. Kh2 $18) 43. Rf3 Rc7 44. Rh3+ Rh7 45. Bd4+
Bg7 46. Bxg7+ (46. Bxg7+ Kxg7 47. Qb7+ $18) 1-0

[Event "London Classic 10th"]
[Site "London"]
[Date "2018.12.11"]
[Round "1.1"]
[White "Vachier Lagrave, Maxime"]
[Black "Aronian, Levon"]
[Result "1/2-1/2"]
[WhiteElo "2781"]
[BlackElo "2765"]
[Annotator "Krasenkow,M"]
[PlyCount "147"]
[EventDate "2018.12.11"]
[EventType "k.o."]
[EventRounds "2"]
[EventCountry "ENG"]
[SourceTitle "CBM 188"]
[Source "ChessBase"]
[SourceDate "2018.12.21"]
[SourceVersion "1"]
[SourceVersionDate "2018.12.21"]
[SourceQuality "1"]

1. e4 e5 2. Nf3 Nc6 3. Bb5 a6 4. Ba4 Nf6 5. O-O Be7 6. Re1 b5 7. Bb3 O-O 8. a4
b4 9. a5 d6 10. d3 Be6 11. Bxe6 fxe6 12. Nbd2 Qb8 {A new plan.} (12... Rb8 {
[%cal Yb8b5] was played in a number of games. However, Magnus Carlsen
outplayed the same opponent in the following game:} 13. c3 Qe8 {Probably Black
should choose one of the other continuations:} (13... bxc3 14. bxc3 Rb5 15. Nc4
(15. Nf1 $6 Qd7 16. Bg5 Rxa5 17. Rxa5 Nxa5 18. d4 exd4 19. cxd4 h6 20. Bh4 Nc6
$15 {1/2 (60) Vachier Lagrave,M (2791)-Wojtaszek,R (2736) Dortmund 2017}) (15.
d4 {- 13...bxc3} exd4 16. cxd4 Nb4 (16... Nxa5 17. d5 e5 18. Qc2 Nd7 19. Qc3
Rc5 20. Qd3 Qc8 21. Rb1 Rb5 22. Rxb5 axb5 23. Qxb5 Nb7 24. Nb3 $16 {1-0 (60)
Smith,A (2499)-Hammer,J (2689) Drancy 2016}) 17. Nb1 c5 18. Na3 {1-0 (60)
Sasikiran,K (2666)-Mikaelyan,A (2500) Yerevan 2018} Rxa5 19. dxc5 d5 $13) 15...
Nd7 (15... Qe8 $5) 16. Be3 d5 17. Ncd2 Nc5 18. exd5 exd5 19. Qc2 Kh8 20. d4 $14
{1-0 (39) Kulaots,K (2571)-Nyback,T (2575) Finland 2017}) (13... Rb5 14. c4 (
14. d4 bxc3 15. bxc3 {- 13...bxc3}) (14. Nc4 $5) 14... Rb8 15. Nb3 Qc8 16. Qe2
Nd7 17. d4 exd4 18. Nbxd4 Nxd4 19. Nxd4 Ne5 20. f4 c5 21. Nb3 Nc6 22. Be3 e5
$11 {1/2 (44) Adams,M (2761)-Wojtaszek,R (2745) Shamkir 2017}) (13... d5 $5 14.
Qe2 (14. exd5 exd5 15. Nxe5 Nxe5 16. Rxe5 {needs checking}) 14... bxc3 15. bxc3
Rb5 16. exd5 exd5 17. Nxe5 Nxe5 18. Qxe5 Bd6 $44 {1/2 (79) Robson,R (2676)
-Sasikiran,K (2671) Saint Louis 2018}) (13... Nd7 14. Nb3 (14. d4 $5) 14... d5
15. Be3 bxc3 16. bxc3 dxe4 $6 (16... Bd6 $1 17. Rb1 h6 18. Qc2 Qe7 19. h3 $14 {
M.Roiz}) 17. dxe4 Rb5 $6 18. Qe2 $1 Qb8 19. Qc4 $16 {1-0 (64) Svidler,P (2751)
-Onischuk,A (2682) Tbilisi 2017 CBM 181 [Roiz,M]}) 14. Nc4 Qg6 15. h3 Nd7 (
15... Nh5 $5 {Kr.Szabo}) 16. Be3 d5 17. Ncd2 bxc3 18. bxc3 Nc5 19. Bxc5 $1 Bxc5
20. Qa4 $1 Rb2 21. Rf1 $1 $14 {1-0 (52) Carlsen,M (2822)-Aronian,L (2809)
Saint Louis 2017 CBM 180 [Szabo,Kr]}) (12... Qe8 13. c3 Rb8 {- see 12...Rb8}) (
12... d5 $5 13. c3 Bc5 14. Nb3 Ba7 15. Be3 bxc3 16. bxc3 dxe4 17. dxe4 Qxd1 18.
Raxd1 Rab8 $11 {1/2 (46) Howell,D (2696)-Adams,M (2703) London 2018}) {Levon
Aronian moves his queen in a different direction.} 13. Nb3 {Of course, White
has a lot of other options like} (13. c3 {[%cal Yd3d4]}) ({or} 13. Nc4) 13...
Nd8 (13... Qb5 $5 {looks more logical.}) 14. d4 (14. c3 $5 {was probably more
solid.}) 14... exd4 15. Qxd4 c5 16. Qc4 Nd7 17. Be3 Bf6 18. Ra2 Re8 19. Nbd2
Nf7 {Black has successfully rearranged his pieces and obtained a good position.
} 20. Qb3 (20. Bf4 $142 $11) 20... Qb5 21. Rd1 Nde5 22. Nxe5 Nxe5 $15 23. Qa4 (
23. h3 $5 Qe2 24. Raa1 $15) 23... Qxa4 24. Rxa4 Rac8 25. h3 g5 26. c3 d5 {
Black gradually outplays his opponent. His pieces are centralized, and his
central pawns are powerful.} 27. exd5 exd5 28. cxb4 Nd3 29. Bxc5 Nxb2 30. Raa1
Nxd1 31. Rxd1 Bc3 $6 {Probably too early. It was better to gradually improve
Black's position:} (31... h5) (31... Kf7) (31... Rcd8) 32. Nf3 d4 $6 (32... h6
$5 33. Rd3 (33. Rxd5 $143 $6 Rcd8) 33... Bf6 34. Rxd5 $140 Red8 {Even with two
pawns for the exchange White is worse as the position is open, and Black's
rook is very strong.}) 33. Nxg5 $6 (33. Rd3 $142 $1 Rb8 34. Bxd4 Bxb4 35. Bb6 {
with good drawing chances.}) 33... Rb8 $2 {Black misses his last chance:} (
33... Re1+ 34. Rxe1 Bxe1 35. Kf1 (35. Bxd4 $2 Bxb4 36. Bb6 Rc1+ 37. Kh2 Ra1) (
35. Nf3 $2 d3) 35... Bc3 36. Ke2 Rb8 {[%cal Rc3b4] - see annotation to move 32.
..d4}) 34. Nf3 Bxb4 35. Bb6 Re4 36. Nxd4 Re1+ 37. Rxe1 Bxe1 38. Ne6 Re8 39. Nc5
Rc8 40. Nxa6 {After the fall of this pawn White is out of danger.} Bxa5 41.
Bxa5 Ra8 42. Bd2 Rxa6 {White even tries to play this position for a win but it
is an easy draw, of course.} 43. g4 Kf7 44. Kg2 Kg6 45. Be3 h5 46. f4 hxg4 47.
hxg4 Rf6 48. Kf3 Rf7 49. Bc5 Rf6 50. Bb4 Rf7 51. Ke4 Rb7 52. Bc5 Rb3 53. Be3
Rb4+ 54. Ke5 Kf7 55. Kf5 Rb5+ 56. Ke4 Kf6 57. Bd2 Rc5 58. Be1 Rc4+ 59. Kf3 Rc5
60. Bh4+ Kg6 61. Be7 Ra5 62. Kg3 Kf7 63. Bd6 Kg6 64. Kh4 Ra1 65. Bc5 Rd1 66.
f5+ Kf6 67. Be3 Rh1+ 68. Kg3 Rb1 69. Bc5 Rb5 70. Bd4+ Kg5 71. Be3+ Kf6 72. Bd4+
Kg5 73. Be3+ Kf6 74. Bd4+ 1/2-1/2